Wikis: : tools for information work and collaboration

Αποθηκεύτηκε σε:
Λεπτομέρειες βιβλιογραφικής εγγραφής
Κύριος συγγραφέας: Klobas, Jane E.
Μορφή: Βιβλίο
Γλώσσα:English
Δημοσίευση: Oxford : Chandos, 2006
Σειρά:Chandos information professional series
Θέματα:
Ετικέτες: Προσθήκη ετικέτας
Δεν υπάρχουν, Καταχωρήστε ετικέτα πρώτοι!

MARC

LEADER 00000nam a2200000 i 4500
001 1/54411
008 070910s2006 eng d
020 |a 978-1-84334-178-9 (pbk.) 
020 |a 1-84334-178-6 (pbk.) 
035 |l 10090566 
040 |a GR-MY-UA  |b gre  |e aacr 
041 0 |a eng 
082 0 |a 006.7  |2 (22) 
100 1 |a Klobas, Jane E. 
245 1 0 |a Wikis: :  |b tools for information work and collaboration /  |c Jane Klobas ; with additional contributions from Angela Beesley ... [και ά.] 
260 |a Oxford :   |b Chandos,   |c 2006 
300 |a xxi, 229 σ.;  |b εικ.;  |c 24 εκ. 
490 1 |a Chandos information professional series 
504 |a Περιέχει βιβλιογραφικές παραπομπές και ευρετήριο 
650 0 0 |a Wikis (Computer science) 
700 1 |a Beesley, Angela.  |4 asn 
830 0 |a Chandos information professional series 
852 |a INST  |b LESVOS  |e 20070910  |h 006.7 KLO  |p 005100041151  |q 005100041151  |t BK  |y 0 
901 |a BIBL1-2007-3 
909 |a Λ  |b 138354 
922 |a 1ΕΛΗ  |b 200707  |c ΕΠΕΑΕΚ2/ΠΤΕ  |d ΠΑΠΑΣΩΤΗΡΙΟΥ 
970 |a ΚΑΡΑ  |b ΓΙΑΣΕΜΗ  |z 2007/09/10